[Event "Russian Championship G15 1st league 2016"]
[Site "Loo"]
[Date "2016.04.28"]
[Round "9.15"]
[White "Khomyak, Aleksandra"]
[Black "Tereschenko, Dariy"]
[Result "0-1"]
[WhiteElo "1612"]
[BlackElo "1312"]
[PlyCount "58"]
[EventDate "2016.04.20"]

1. d4 d5 2. Nf3 Nf6 3. Bg5 e6 4. e3 Be7 5. Bd3 O-O 6. Ne5 Nbd7 7. f4 Ne4 8.
Bxe7 Qxe7 9. Bxe4 dxe4 10. O-O f5 11. Nxd7 Qxd7 12. Nd2 b5 13. c4 bxc4 14. Nxc4
Qb5 15. b3 Ba6 16. Rf2 Rfd8 17. Rd2 Qd5 18. Ne5 Qb5 19. Rc1 Qb6 20. Rc6 Qb7 21.
Rxe6 Qc8 22. Rc6 Rd6 23. Rdc2 Rxc6 24. Rxc6 Bb5 25. Rc5 c6 26. Qc2 Qa6 27. Nxc6
Bxc6 28. Rxc6 Qa5 29. Rc5 Qe1# 0-1

[Event "Russian Championship G15 1st league 2016"]
[Site "Loo"]
[Date "2016.04.28"]
[Round "9.16"]
[White "Bychenkova, Angelina"]
[Black "Voskresenskaya, Alevtina"]
[Result "0-1"]
[WhiteElo "1546"]
[BlackElo "1478"]
[PlyCount "96"]
[EventDate "2016.04.20"]

1. d4 Nf6 2. Nf3 g6 3. Bf4 d5 4. e3 Bg7 5. c4 O-O 6. h3 c5 7. Nc3 Nc6 8. dxc5
dxc4 9. Qxd8 Rxd8 10. Bxc4 Bf5 11. Ng5 e6 12. O-O h6 13. Nf3 Rac8 14. Bb5 Nb4
15. a3 Nbd5 16. Nxd5 Nxd5 17. Be5 Bxe5 18. Nxe5 Rxc5 19. Bd3 Nxe3 20. fxe3 Rxe5
21. Bxf5 exf5 22. Rad1 Rxd1 23. Rxd1 Rxe3 24. Rd8+ Kg7 25. Rd4 Rb3 26. Rd2 a5
27. Kf2 b5 28. Ke2 b4 29. a4 Kf6 30. Kd1 Ke5 31. Re2+ Kd4 32. Re7 Rxb2 33. Rxf7
Rxg2 34. Rd7+ Kc3 35. Rd5 Kb3 36. Rxa5 Rh2 37. Ra8 Ka3 38. a5 b3 39. a6 Rc2 40.
Rb8 Rc7 41. Rb7 Rc8 42. Rb6 Ra8 43. Rxg6 b2 44. Rb6 Ka2 45. Kc2 Rc8+ 46. Kd1
b1=Q+ 47. Rxb1 Kxb1 48. a7 Ra8 0-1

[Event "Russian Championship G15 1st league 2016"]
[Site "Loo"]
[Date "2016.04.28"]
[Round "9.17"]
[White "Moiseeva, Polina"]
[Black "Kiseleva, Elizaveta"]
[Result "0-1"]
[WhiteElo "1485"]
[BlackElo "1542"]
[PlyCount "88"]
[EventDate "2016.04.20"]

1. e4 c5 2. Nc3 Nc6 3. Bb5 Nd4 4. Bc4 d6 5. Nge2 Nf6 6. d3 Bd7 7. Nxd4 cxd4 8.
Ne2 e5 9. O-O Be7 10. f4 O-O 11. f5 Bc6 12. Qe1 d5 13. exd5 Nxd5 14. Ng3 Bc5
15. Nh5 Kh8 16. Qg3 Rg8 17. Qxe5 Bb6 18. b4 Bc7 19. Qe1 Qd6 20. Bf4 Nxf4 21.
Nxf4 Qh6 22. Nh3 Rae8 23. Qc1 Re2 24. Rf2 Rxf2 25. Kxf2 Qh4+ 26. Kg1 Bxg2 27.
Kxg2 Qg4+ 28. Kh1 Qxh3 29. Qg1 Re8 30. Qg2 Qh6 31. Bxf7 Re3 32. Rf1 Rh3 33. Re1
Rxh2+ 34. Kg1 Rxg2+ 35. Kxg2 Qg5+ 36. Kf1 Qxf5+ 37. Kg1 Qxf7 38. Rf1 Qg6+ 39.
Kf2 h6 40. Ke1 Qb6 41. a3 Qc6 42. Rf8+ Kh7 43. Rf2 Bg3 44. Ke2 Qxc2+ 0-1

[Event "Russian Championship G15 1st league 2016"]
[Site "Loo"]
[Date "2016.04.28"]
[Round "9.19"]
[White "Nerusheva, Arina"]
[Black "Minko, Olga"]
[Result "0-1"]
[WhiteElo "1513"]
[BlackElo "1446"]
[PlyCount "76"]
[EventDate "2016.04.20"]

1. e4 e5 2. Nf3 Nc6 3. Bb5 Nf6 4. d3 Ne7 5. O-O Ng6 6. Bc4 c6 7. Re1 Be7 8. d4
Nxe4 9. Bxf7+ Kxf7 10. Rxe4 exd4 11. Nxd4 d5 12. Re1 Qd6 13. Nc3 Rf8 14. Be3
Kg8 15. Nb3 b6 16. a4 Ne5 17. h3 Qg6 18. Kh1 Bd6 19. Nxd5 Bxh3 20. gxh3 Qe4+
21. Kg1 Nf3+ 22. Kf1 Nxe1 23. Qxe1 Qc4+ 24. Kg1 Qxd5 25. Rd1 Qe5 26. f4 Qe7 27.
Qd2 Bc7 28. Nd4 c5 29. Nc6 Qf6 30. Qd5+ Kh8 31. Rf1 Qg6+ 32. Kh2 Qxc2+ 33. Kg1
Qg6+ 34. Kh2 Rf5 35. Ne5 Qe8 36. Rg1 Bxe5 37. fxe5 Qxe5+ 38. Qxe5 Rxe5 0-1

[Event "Russian Championship G15 1st league 2016"]
[Site "Loo"]
[Date "2016.04.28"]
[Round "9.21"]
[White "Alekseenko, Aleksandra"]
[Black "Badmaeva, Baina"]
[Result "0-1"]
[WhiteElo "1542"]
[BlackElo "1656"]
[PlyCount "106"]
[EventDate "2016.04.20"]

1. e4 c5 2. Nc3 d6 3. d3 Nc6 4. g3 g6 5. Bg2 Bg7 6. f4 e6 7. Nf3 Nge7 8. O-O
O-O 9. h3 d5 10. g4 a6 11. Ne2 Qc7 12. c4 dxe4 13. dxe4 Rd8 14. Qc2 Nb4 15. Qb1
Nec6 16. a3 Nd3 17. Rd1 Nxc1 18. Rxd8+ Qxd8 19. Qxc1 Qd3 20. Ng3 Nd4 21. Nxd4
Bxd4+ 22. Kh2 Bd7 23. Rb1 Ba4 24. Qf1 Bc2 25. Qxd3 Bxd3 26. Rd1 Bxc4 27. b4 b6
28. e5 Rb8 29. Ne4 Bb3 30. Nf6+ Kg7 31. Rd3 Bc4 32. Rd1 Rd8 33. Rc1 Bb5 34.
bxc5 Bxc5 35. Rc3 Rd1 36. Ne4 Bd4 37. Rc7 Be3 38. Kg3 Rd7 39. Rc3 Bd4 40. Rb3
Rc7 41. Bf3 Rc2 42. Nd6 Bf1 43. Ne4 Ra2 44. Rb1 Bd3 45. Rb3 Bb5 46. Bg2 Bb2 47.
Re3 Rxa3 48. Rxa3 Bxa3 49. Nd6 Bd3 50. Bc6 b5 51. Nxb5 Bxb5 52. Bxb5 axb5 53.
Kf3 Bc1 0-1

[Event "Russian Championship G15 1st league 2016"]
[Site "Loo"]
[Date "2016.04.28"]
[Round "9.22"]
[White "Sakharova, Veronika"]
[Black "Oglezneva, Polina"]
[Result "1-0"]
[WhiteElo "1612"]
[BlackElo "1380"]
[PlyCount "69"]
[EventDate "2016.04.20"]

1. e4 e5 2. f4 exf4 3. Bc4 Be7 4. Nf3 Bh4+ 5. Kf1 d6 6. d4 Bg4 7. Nc3 Nc6 8.
Bxf4 Bf6 9. Be3 a6 10. a4 Qd7 11. h3 Bxf3 12. gxf3 Nge7 13. Qd2 Ng6 14. Nd5 Bh4
15. c3 O-O-O 16. b4 Nce7 17. b5 a5 18. b6 Nxd5 19. Bxd5 c6 20. Bb3 f5 21. c4
Rdf8 22. Qxa5 Kd8 23. e5 dxe5 24. Rd1 Qc8 25. dxe5+ Ke8 26. f4 h5 27. Ke2 Rh6
28. Rd2 Nh8 29. Rhd1 Rg6 30. Rd7 Rg2+ 31. Kf1 Rb2 32. Rc7 Qb8 33. Qa7 Qxc7 34.
bxc7 Ke7 35. Bc5+ 1-0

[Event "Russian Championship G15 1st league 2016"]
[Site "Loo"]
[Date "2016.04.28"]
[Round "9.23"]
[White "Shelezhonkova, Kseniya"]
[Black "Usarova, Evita"]
[Result "1/2-1/2"]
[WhiteElo "1446"]
[BlackElo "1545"]
[PlyCount "63"]
[EventDate "2016.04.20"]

1. e4 e5 2. Nf3 Nc6 3. Bc4 Nf6 4. d3 Be7 5. Nc3 d6 6. a3 O-O 7. Be3 Be6 8. Ba2
a6 9. Nd5 Na7 10. Nxe7+ Qxe7 11. O-O Bxa2 12. Rxa2 d5 13. Re1 d4 14. Bd2 c5 15.
b4 b6 16. Ra1 Nb5 17. bxc5 bxc5 18. h3 Rfd8 19. Nh2 Rac8 20. a4 Nd6 21. f4 Nd7
22. Nf3 f6 23. fxe5 Nxe5 24. Nxe5 fxe5 25. Qh5 Rf8 26. c3 Rb8 27. Rab1 Nf7 28.
Qd1 Nd6 29. Qh5 Nf7 30. Qd1 Nd6 31. Qh5 Nf7 32. Qd1 1/2-1/2

[Event "Russian Championship G15 1st league 2016"]
[Site "Loo"]
[Date "2016.04.28"]
[Round "9.25"]
[White "Belova, Kseniya"]
[Black "Malko, Polina"]
[Result "1/2-1/2"]
[WhiteElo "1355"]
[BlackElo "1506"]
[PlyCount "140"]
[EventDate "2016.04.20"]

1. e4 c6 2. d4 d5 3. e5 Bf5 4. Nf3 e6 5. Be2 c5 6. c3 Nc6 7. O-O Rc8 8. Be3 Qb6
9. b3 cxd4 10. Nxd4 Nxd4 11. Bxd4 Qc7 12. Bb5+ Kd8 13. Nd2 a6 14. Be2 Ne7 15.
c4 Nc6 16. Nf3 Be7 17. cxd5 exd5 18. Be3 Be6 19. Rc1 h6 20. Bf4 Qb8 21. Bc4 Ba3
22. Bxd5 Bxd5 23. Qxd5+ Ke7 24. Rce1 Rhd8 25. Qe4 Kf8 26. e6 Qa7 27. exf7 Kxf7
28. Qe6+ Kf8 29. Nh4 Ne7 30. Ng6+ Nxg6 31. Qxg6 Kg8 32. Bxh6 b5 33. Bg5 Rf8 34.
Re6 a5 35. Ra6 Qc7 36. Be3 a4 37. Ra7 Qe5 38. Rd1 Rcd8 39. Rf1 Rd6 40. Qg4 Bb2
41. bxa4 bxa4 42. Rxa4 Qd5 43. Bc1 Bxc1 44. Rxc1 Rff6 45. Qc4 Rf5 46. Qxd5+
Rfxd5 47. Kf1 Rd2 48. Ra8+ Kh7 49. a4 Ra2 50. Rac8 Rdd2 51. Rf8 Rxa4 52. Rf3
Rh4 53. Rh3 Rxh3 54. gxh3 Rd5 55. Rc3 Re5 56. Re3 Rg5 57. Rg3 Re5 58. Kg2 Kh6
59. h4 g6 60. Kh3 Rf5 61. f3 Kh5 62. Rg5+ Rxg5 63. hxg5 Kxg5 64. Kg3 Kh5 65. f4
Kh6 66. Kh4 Kh7 67. Kg5 Kg7 68. h4 Kf7 69. Kh6 Kf6 70. Kh7 Kf7 1/2-1/2

[Event "Russian Championship G15 1st league 2016"]
[Site "Loo"]
[Date "2016.04.28"]
[Round "9.26"]
[White "Kononova, Anastasiya"]
[Black "Leontieva, Lada"]
[Result "1-0"]
[WhiteElo "1426"]
[BlackElo "1071"]
[PlyCount "75"]
[EventDate "2016.04.20"]

1. c4 e5 2. g3 Nf6 3. Nc3 d5 4. cxd5 Nxd5 5. Bg2 Nb6 6. Nf3 Nc6 7. d3 Be7 8. a3
O-O 9. O-O Re8 10. Be3 Bg4 11. h3 Bxf3 12. Bxf3 Bf6 13. Ne4 Nd7 14. Nxf6+ Nxf6
15. Rc1 Qd7 16. Kh2 Re6 17. Qb3 Qc8 18. Qc2 Qd7 19. b4 a6 20. Qc4 Kh8 21. a4 g6
22. b5 axb5 23. axb5 Na5 24. Qxc7 Re7 25. Qxd7 Rxd7 26. Ra1 Rdd8 27. Bb6 Nb3
28. Bxd8 Rxd8 29. Ra7 Nd2 30. Rc1 Nxf3+ 31. exf3 Rxd3 32. Rxb7 Rxf3 33. Kg2 Rb3
34. Rxf7 Ng8 35. Rcc7 Nf6 36. Rxf6 Kg8 37. Rb6 h6 38. Rb8# 1-0

[Event "Russian Championship G15 1st league 2016"]
[Site "Loo"]
[Date "2016.04.28"]
[Round "9.27"]
[White "Maltsevskaya, Anna"]
[Black "Kuznetsova, Maria"]
[Result "0-1"]
[WhiteElo "1326"]
[BlackElo "1378"]
[PlyCount "70"]
[EventDate "2016.04.20"]

1. e4 e5 2. Nf3 Nf6 3. Nc3 Nc6 4. Bb5 d6 5. h3 Be7 6. d4 exd4 7. Nxd4 Bd7 8.
Bxc6 bxc6 9. Bg5 O-O 10. O-O h6 11. Bh4 Re8 12. f4 Nxe4 13. Nxe4 Bxh4 14. Qf3
c5 15. Ne2 Bc6 16. N2c3 Rb8 17. Rab1 d5 18. Nxc5 Qd6 19. b4 a5 20. Qg4 Bf6 21.
N3a4 Rxb4 22. Rxb4 axb4 23. Rb1 Bd4+ 24. Kh1 Bxc5 25. f5 Bxa4 26. c3 Re4 27.
Qf3 Bc2 28. Rc1 Qe5 29. cxb4 Bd6 30. g3 Re3 31. Qf2 Re2 32. Qf3 Be4 33. Kg1
Bxf3 34. Rxc7 Qxg3+ 35. Kf1 Re1# 0-1

[Event "Russian Championship G15 1st league 2016"]
[Site "Loo"]
[Date "2016.04.28"]
[Round "9.29"]
[White "Polomoshnova, Mariya"]
[Black "Shadrukhina, Svetlana"]
[Result "1/2-1/2"]
[WhiteElo "1481"]
[BlackElo "1434"]
[PlyCount "71"]
[EventDate "2016.04.20"]

1. e4 c6 2. d4 d5 3. exd5 cxd5 4. Bd3 Nc6 5. c3 Nf6 6. Bf4 g6 7. Nf3 Bg7 8.
Nbd2 O-O 9. Qe2 Bd7 10. O-O Qc8 11. h3 Bf5 12. Rac1 Bxd3 13. Qxd3 e6 14. Rfe1
a6 15. Ne5 Nxe5 16. Bxe5 b5 17. Qf3 Nd7 18. Bxg7 Kxg7 19. Qg3 Nf6 20. Qe5 Qd8
21. Re3 Kg8 22. Rg3 Qe7 23. Re1 Rfd8 24. Rf3 Nh5 25. Nf1 Qd6 26. Qe3 Kg7 27. g4
Nf6 28. Qg5 Ne4 29. Rxe4 dxe4 30. Qf6+ Kg8 31. Qxf7+ Kh8 32. Qf6+ Kg8 33. Qf7+
Kh8 34. Qf6+ Kg8 35. Qf7+ Kh8 36. Qf6+ 1/2-1/2

[Event "Russian Championship G15 1st league 2016"]
[Site "Loo"]
[Date "2016.04.28"]
[Round "9.31"]
[White "Esenina, Elena"]
[Black "Pervukhina, Ekaterina"]
[Result "1-0"]
[WhiteElo "1266"]
[BlackElo "1101"]
[PlyCount "117"]
[EventDate "2016.04.20"]

1. e4 e5 2. Nf3 Nc6 3. Bb5 Bc5 4. O-O Nf6 5. Nc3 d6 6. d4 exd4 7. Nxd4 Bd7 8.
Nxc6 bxc6 9. Bd3 O-O 10. Bg5 Re8 11. Re1 h6 12. Bh4 Bd4 13. Qd2 Bc8 14. b3 d5
15. exd5 Rxe1+ 16. Rxe1 Bxc3 17. Qxc3 cxd5 18. Bxf6 gxf6 19. Qd2 Qf8 20. Qe3
Be6 21. Qg3+ Kh8 22. Qxc7 Rd8 23. Rxe6 Rc8 24. Qe7 Kg7 25. Qxf8+ Rxf8 26. Re1
d4 27. f3 Rd8 28. Kf2 Rd5 29. Bc4 Rd7 30. Rd1 Kf8 31. Bb5 Rd5 32. Bc4 Rd7 33.
Ke2 Ke7 34. Kd3 f5 35. Ke2 Kd8 36. c3 Re7+ 37. Kf2 Rd7 38. Rxd4 Rxd4 39. cxd4
f6 40. Ke3 Kd7 41. Kf4 Kd6 42. Kxf5 Ke7 43. Kg6 h5 44. Kxh5 a5 45. Kg6 Kf8 46.
h4 Ke7 47. h5 Kf8 48. h6 Ke7 49. h7 Kf8 50. h8=Q+ Ke7 51. Qxf6+ Kd7 52. Qe6+
Kc7 53. Kf7 a4 54. Ke7 axb3 55. Qd6+ Kb7 56. Kd7 bxa2 57. Qa6+ Kb8 58. Qb6+ Ka8
59. Bd5# 1-0